| 000 | 00737nam a2200229Ia 4500 | ||
|---|---|---|---|
| 003 | GCL | ||
| 008 | 140319s9999 xx 000 0 ara d | ||
| 040 |
_aGCL / _cGCL |
||
| 082 | 0 | 4 |
_aم _b920.1 _bع ح |
| 100 | 1 | _aعبدالرازق البيطار | |
| 245 | 1 | 0 |
_aحلبة البشر فى تاريخ القرن الثالث عشر / _cعبدالرازق البيطار |
| 260 |
_a[S.N] : _bمجمع اللغة العربية ، _c1941 |
||
| 300 | _a622 ص | ||
| 490 |
_aشكاوى المصرى الفصيح _v0 |
||
| 650 | 0 | 4 | _aسوريا |
| 650 | 0 | 4 | _aالتاريخ الاسلامى |
| 650 | 0 | 4 | _aالادباء |
| 650 | 0 | 4 | _aالشعراء |
| 650 | 0 | 4 | _aالاعلام |
| 650 | 0 | 4 | _aرواة الحديث |
| 942 |
_2ddc _cREF |
||
| 999 |
_c59394 _d59394 |
||